| 000 | 01437cam a2200277 4500 | ||
|---|---|---|---|
| 001 | ##E131406 | ||
| 008 | 050826n2005 000 0 eng u | ||
| 020 | _a1904388426 | ||
| 035 | _a(Sirsi) u131406 | ||
| 041 | 0 | _aeng | |
| 050 | 0 | 4 | _a658.2 $2 18 |
| 100 | 1 | _aPinder, James | |
| 245 | 0 | 4 |
_aThe Private Finance Initiative and corporate property outsourcing in the UK _ba CPD study pack |
| 260 |
_aReading _bCollege of Estate Management _c2005 |
||
| 300 |
_a28p. _c30cm. |
||
| 350 | _a23.50 | ||
| 490 | _aCollege of Estate Management CPD Study Pack | ||
| 520 | _aThe way in which property assets and FM services are purchased in the UK has been transformed in recent years. PFI is a method of procurement in which private sector consortia enter into long-term contracts to design, finance, build and maintain infrastructure for public sector organisations. On the other hand, the Government and also corporate occupiers in the private sector have used Corporate Property Outsourcing as a vehicle for outsourcing property assets. This CPD study paper describes the concepts and mechanisms used in these different approaches, and considers some of the implications for associated industries and professions. | ||
| 520 | _aNo audio tape accompanying this pack | ||
| 590 | _aIKA030106 | ||
| 650 | 2 | 4 | _aPFI |
| 650 | _aOUTSOURCING | ||
| 690 |
_aProcurement _96260 |
||
| 710 | 2 |
_aCollege of Estate Management _9400 |
|
| 942 | _n0 | ||
| 999 |
_c104749 _d104749 |
||